00678nam a2200205Ia 4500003000900000008004100009020001800050040001600068080001500084100002800099245008100127260004200208300001600250650003700266650001900303650003700322942000700359999001500366952009100381IN-BaIIA211028s9999 xx 000 0 eng d a0-87027-168-7 cIIA Library a92:52bWIL aWillard, Berton C99821 0aRussell W Porterbarctic explorer, artist, telescope makercBerton C Willard aFreeportbThe Bond Wheel Wrightc1976 axiii, 274p. aBiography-Russel W Porter911550 aNASA Thesaurus aRussel W Porter-Biography911551 cBK c6738d6738 00104070aBANbBANcGENd1981-04-09l0o92:52/ WILp7496r2021-11-05w1981-04-09yBK